00237 a2200085 4500001000700000040003500007100002000042240004700062245004200109146764 cEscola São Tomás de Aquino aLARREULA, Enric10aOs grandes negócios da Bruxa Onildalpor10aOs grandes negócios da Bruxa Onilda